000 00605nam a2200217 a 4500
001 34039
003 BD-RjUL
005 20211209052110.0
008 140512r19641952enk 001 0 eng d
035 _a(BD-RjUL)34133
040 _aEQO
_cEQO
_beng
_dBD-RjUL
041 _aeng
082 _a301
_bPAS 1964
100 1 _aParsons, Talcott,
_d1902-1979.
_9103454
245 1 4 _aThe social system /
_cby T. Parsons
260 _aLondon :
_bTavistock Publications,
_c1952 [Printed 164]
300 _axviii, 575 p. ;
_c23 cm
650 0 _aSocial systems
_9100653
942 _2ddc
_cBK
999 _c34039
_d34039